000 00912nam a2200253Ia 4500
003 OSt
005 20220923211334.0
006 a|||||r|||| 00| 0
007 ta
008 220922b |||||||| |||| 00| 0 pan d
020 _a9788182991972 (hbk)
_c350
024 _a335,431
037 _bSP/5380, 17/03/2018, Star Publications (Pvt.) Ltd.
_cTextual
040 _aARTS
_cARTS
_bpan
041 _2pan
_apan
082 _aU8, 153Q7
100 _aਜਾਲੀ, ਰਾਜਿੰਦਰ ਸਿੰਘ, ਂਚ.
_9157928
245 0 _aਕਿਹੜਾ ਮੇਰਾ ਦੇF ਗਰਾਂ<
260 _aਦਿੱਲੀ
_b ਆਰਸੀ ਪਬਲਿFਰਗ਼
_c2017
300 _a212ਪ0
_ccm.
650 _aਸਖ਼ਰਨਾਮਾ
942 _hU8, 153Q7
_cTEXL
_2CC
999 _c298602
_d298602